Volatility Forecasting of Strategically Linked Commodity ETFs: Gold-silver

Aplikácia heterogénnych autoregresívnych (HAR) modelov - vrátane deviatich jednorozmerných, viacrozmerných a kombinácie modelov -spojených s komoditami, zlatom a striebrom.

Guardado en:
Detalles Bibliográficos
Autor principal: Lyócsa, Štefan, 1982-
Otros Autores: Molnár, Peter
Formato: Capítulo de libro
Lenguaje:inglés
Materias:
Etiquetas: Agregar Etiqueta
Sin Etiquetas, Sea el primero en etiquetar este registro!

MARC

LEADER 00000nla a2200000 4500
001 0226170
005 20240502083605.0
041 0 |a eng 
044 |a US 
245 1 0 |a Volatility Forecasting of Strategically Linked Commodity ETFs: Gold-silver  |c Štefan Lyócsa, Peter Molnár 
520 |a Aplikácia heterogénnych autoregresívnych (HAR) modelov - vrátane deviatich jednorozmerných, viacrozmerných a kombinácie modelov -spojených s komoditami, zlatom a striebrom. 
610 2 0 |a volatilita 
610 2 0 |a modely autoregresné 
610 2 0 |a predvídanie 
610 2 0 |a zlato 
610 2 0 |a striebro 
100 1 |a Lyócsa, Štefan, 1982- 
700 1 |a Molnár, Peter